ბათუმის შოთა რუსთაველის სახელმწიფო უნივერსიტეტის ბიბლიოთეკა

ქართული საბჭოთა ენციკლოპედია : (ბიბ.ჩანაწერი № 44263)

000 -ლიდერი
ფიქსირებული სიგრძის საკონტროლო ველი 01325nam a2200241Ia 4500
001 - საკონტროლო ნომერი
საკონტროლო ველი 11021
003 - საკონტროლო ნომრის იდენტიფიკატორი
საკონტროლო ველი GE_BSU
005 - ბოლო ოპერაციის თარიღი და დრო
საკონტროლო ველი 20230523115746.0
008 - ფიქსირებული სიგრძის მონაცემთა ელემენტები - ზოგადი ინფორმაცია
ფიქსირებული სიგრძის საკონტროლო ველი 181216s1981||||ge |||||||||||||| ||geo||
040 ## - კატალოგიზაციის წყარო
Transcribing agency GE_BSU
041 ## - ენის კოდი
Language code of text/sound track or separate title geo
080 ## - უნივერსალური ათობითი კლასიფიკაციის ინდექსი
Universal Decimal Classification number 031=353.1 ქ-27
245 ## - ცნობა სათაურის შესახებ
Title ქართული საბჭოთა ენციკლოპედია :
Remainder of title საქართველოს სსრ /
Statement of responsibility, etc მთ. რედ.: ირ. აბაშიძე [და სხვ.]; მხატვ. ლადო გრიგოლია.
264 ## - წარმოების, გამოცემის, დისტრიბუციის და სხვა ცნობები
გამოცემის, წარმოების, დისტრიბუციის... ადგილი თბილისი :
გამოცემის, წარმოების, დისტრიბუციის... სახელწოდება მთავარი სამეცნიერო რედაქცია,
გამოცემის, წარმოების, დისტრიბუციის... თარიღი 1981.
300 ## - ფიზიკური აღწერა
Extent 360 გვ.:
Other physical details ილ; რუკა;
Dimensions 27სმ.
653 ## - INDEX TERM--UNCONTROLLED
Uncontrolled term ქართული საბჭოთა ენციკლოპედია
653 ## - INDEX TERM--UNCONTROLLED
Uncontrolled term საქართველოს სსრ -- ენციკლოპედიები
700 ## - ADDED ENTRY--PERSONAL NAME
Personal name აბაშიძე, ირაკლი
Relator term რედაქტორი
9 (RLIN) 18181
700 ## - ADDED ENTRY--PERSONAL NAME
Personal name ანდრონიკაშვილი, ე.
Relator term რედაქტორი
9 (RLIN) 18182
700 ## - ADDED ENTRY--PERSONAL NAME
Personal name ბარამიძე, ა. და სხვ.
Relator term რედაქტორი
9 (RLIN) 18183
700 ## - ADDED ENTRY--PERSONAL NAME
Personal name გრიგოლია, ლადო
Relator term მხატვარი
9 (RLIN) 16464
942 ## - ADDED ENTRY ELEMENTS (KOHA)
Koha item type წიგნი
Source of classification or shelving scheme
ეგზემპლარები
ჩამოწერის სტატუსი დაკარგული ეგზემპლარის სტატუსი კლასიფიკაციის წყარო ან თაროზე გაწყობის სქემა დაზიანების სტატუსი არ გაიცემა მუდმივი მდებარეობა (დაცვის ადგილი) ამჟამინდელი ადგილსამყოფელი თაროზე განთავსების ადგილი შეძენის თარიღი სრული შენახვის შიფრი შტრიხკოდი ბოლო ოპერაციის თარიღი ეგზემპლარის მიმდევრობითი ნომერი (კეტერი?) ფასის ძალაში შესვლის თარიღი ეგზემპლარის სახეობა ღირებულება, შესყიდვის ნორმალური ფასი Uniform Resource Identifier საჯარო შენიშვნა
          ბათუმის შოთა რუსთაველის სახელმწიფო უნივერსიტეტის მთავარი ბიბლიოთეკა ბათუმის შოთა რუსთაველის სახელმწიფო უნივერსიტეტის მთავარი ბიბლიოთეკა წიგნსაცავი 2018-12-17 031=353.1 ქ-27 18926 2018-12-17 18926 2018-12-17 წიგნი      
          ბათუმის შოთა რუსთაველის სახელმწიფო უნივერსიტეტის მთავარი ბიბლიოთეკა ბათუმის შოთა რუსთაველის სახელმწიფო უნივერსიტეტის მთავარი ბიბლიოთეკა წიგნსაცავი 2023-05-23 031=353.1 ქ-27 64431 2023-05-23 64431 2023-05-23 წიგნი 12.00 ბსუ-ს საპატიო დოქტორის გურამ ლორთქიფანიძის საჩუქარი 12 ლ.